[Event "Lisbon Christmas op"]
[Site "Lisbon POR"]
[Date "2014.12.30"]
[Round "9"]
[White "Camacho Collados, Marcos"]
[Black "Spraggett, Kevin"]
[Result "0-1"]
[WhiteElo "2451"]
[BlackElo "2561"]
[PlyCount "244"]
[EventDate "2014.12.26"]
[EventType "swiss"]
[EventRounds "9"]
[EventCountry "POR"]
[Source "Chessbase"]
[SourceDate "2015.01.01"]

1. Nf3 Nf6 2. e3 g6 3. b3 Bg7 4. Bb2 d6 5. d4 O-O 6. Nbd2 Nbd7 7. Be2 c5 8. O-O
b6 9. c4 e6 10. dxc5 bxc5 11. Qc2 Bb7 12. Rfd1 h6 13. Bd3 Re8 14. Rab1 Qc7 15.
Ne4 Rad8 16. h3 Qc6 17. Nfd2 Kh8 18. f3 Ba8 19. Nxf6 Nxf6 20. Ne4 Nxe4 21. Bxe4
d5 22. Bxg7+ Kxg7 23. Qc3+ Kg8 24. Bc2 d4 25. exd4 cxd4 26. Qd2 Qb6 27. Bd3 Kg7
28. b4 e5 29. c5 Qc7 30. Be4 Bd5 31. Bxd5 Rxd5 32. Qd3 f5 33. Re1 Qc6 34. Re2
Rd7 35. Rbe1 Qd5 36. a3 Rde7 37. Rd2 Rd8 38. Rde2 Rdd7 39. c6 Qxc6 40. Rxe5
Rxe5 41. Rxe5 Qc1+ 42. Kf2 h5 43. Re1 Qc7 44. h4 Kh7 45. g3 Qd6 46. Kg2 Rc7 47.
Rd1 Qe6 48. Rd2 Qe1 49. Re2 Qa1 50. Rd2 Re7 51. Rd1 Qb2+ 52. Rd2 Qa1 53. Rd1
Qa2+ 54. Rd2 Qd5 55. Re2 Rd7 56. Rd2 Qd6 57. Re2 Kg7 58. b5 Kh7 59. Rc2 Re7 60.
Rc4 Rd7 61. Rc6 Qe5 62. Rc2 Re7 63. Rd2 Qd6 64. a4 Qb4 65. Qc2 Rd7 66. Qd1 Qd6
67. Qb3 f4 68. a5 fxg3 69. Qd3 Qf4 70. b6 axb6 71. axb6 Qxh4 72. Kg1 Re7 73.
Re2 Rxe2 74. Qxe2 d3 75. Qb2 Qh2+ 76. Qxh2 gxh2+ 77. Kxh2 d2 78. b7 d1=Q 79.
b8=Q Qxf3 80. Qc7+ Kh6 81. Qb8 Qe2+ 82. Kh1 Qe4+ 83. Kh2 h4 84. Qh8+ Kg5 85.
Qd8+ Kg4 86. Qd7+ Qf5 87. Qd1+ Kg5 88. Qd8+ Kh5 89. Qd1+ Kh6 90. Qd2+ Qg5 91.
Qd4 Qg3+ 92. Kh1 Qf3+ 93. Kh2 Kh5 94. Qh8+ Kg4 95. Qc8+ Kg5 96. Qd8+ Qf6 97.
Qd5+ Kh6 98. Qd2+ g5 99. Qd7 Qe5+ 100. Kh1 Kh5 101. Qh7+ Kg4 102. Qd7+ Qf5 103.
Qd4+ Qf4 104. Qg1+ Kf5 105. Qc5+ Kg6 106. Qc6+ Qf6 107. Qe8+ Kh6 108. Qd7 Qf3+
109. Kh2 Qf4+ 110. Kh1 Qe4+ 111. Kh2 Kg6 112. Qc8 Qe5+ 113. Kh1 Kh5 114. Qb7
Qf5 115. Qa8 Qh3+ 116. Kg1 Qe3+ 117. Kh2 Qe5+ 118. Kh1 g4 119. Qa7 Qe1+ 120.
Kh2 g3+ 121. Kg2 Qe2+ 122. Kg1 Qh2+ 0-1

[Event "Elgoibar GM"]
[Site "Elgoibar ESP"]
[Date "2014.12.19"]
[Round "9.1"]
[White "Spraggett, Kevin"]
[Black "Gonzalez de la Torre, Santiago"]
[Result "1/2-1/2"]
[WhiteElo "2561"]
[BlackElo "2435"]
[PlyCount "41"]
[EventDate "2014.12.13"]
[EventType "tourn"]
[EventRounds "9"]
[EventCountry "ESP"]
[Source "Chess Mix"]

1. e4 c5 2. Nf3 e6 3. d4 cxd4 4. Nxd4 a6 5. Bd3 Bc5 6. Nb3 Be7 7. Qg4 g6 8. Qe2
d6 9. O-O Nd7 10. a4 b6 11. Na3 Ne5 12. Nc4 Nxc4 13. Bxc4 Bb7 14. Bd3 h5 15.
Nd4 Nf6 16. c3 O-O 17. Bh6 Re8 18. Rad1 Qc7 19. h3 e5 20. Nf3 d5 21. Ng5
1/2-1/2

[Event "Figueira da Foz op"]
[Site "Figueira da Foz POR"]
[Date "2014.11.23"]
[Round "1.1"]
[White "Spraggett, Kevin"]
[Black "Pintor, Ariana"]
[Result "1-0"]
[WhiteElo "2561"]
[BlackElo "2006"]
[PlyCount "69"]
[EventDate "2014.11.23"]
[EventType "swiss"]
[EventRounds "9"]
[EventCountry "POR"]
[Source "Chess Mix"]

1. e4 c6 2. Nc3 d5 3. Nf3 Bg4 4. h3 Bh5 5. exd5 cxd5 6. g4 Bg6 7. Bb5+ Nc6 8.
Ne5 Rc8 9. d4 e6 10. h4 f6 11. Nxg6 hxg6 12. Qd3 Kf7 13. Bxc6 bxc6 14. Be3 Rb8
15. O-O-O Bd6 16. h5 gxh5 17. gxh5 Ne7 18. Kb1 Nf5 19. Bc1 c5 20. dxc5 Bxc5 21.
Ne2 Qb6 22. Ng3 Nh6 23. Qg6+ Kf8 24. b3 Bd4 25. Ne2 Bxf2 26. Rdf1 e5 27. Nc3
Rd8 28. Na4 Qd4 29. Ba3+ Kg8 30. Bc5 Qe4 31. Bxf2 Ng4 32. Bxa7 Ra8 33. Qxe4
dxe4 34. Bc5 Kf7 35. Rh4 1-0

[Event "Figueira da Foz op"]
[Site "Figueira da Foz POR"]
[Date "2014.11.23"]
[Round "2.1"]
[White "Rego, Pedro Felipe"]
[Black "Spraggett, Kevin"]
[Result "1/2-1/2"]
[WhiteElo "2284"]
[BlackElo "2561"]
[PlyCount "111"]
[EventDate "2014.11.23"]
[EventType "swiss"]
[EventRounds "9"]
[EventCountry "POR"]
[Source "Chess Mix"]

1. Nf3 c5 2. c4 Nc6 3. Nc3 Nf6 4. e3 e6 5. d4 d5 6. Be2 cxd4 7. exd4 Be7 8. O-O
O-O 9. Bf4 dxc4 10. Bxc4 Na5 11. Bd3 b6 12. Qe2 Bb7 13. Rad1 Nd5 14. Bd2 Nxc3
15. Bxc3 Qd5 16. Rfe1 Rac8 17. Ba6 Bxa6 18. Qxa6 Nc6 19. Ne5 Bd6 20. Nxc6 Qxc6
21. Re3 Qd5 22. Rh3 b5 23. a4 b4 24. Qd3 f5 25. Bd2 Rc4 26. Be1 a5 27. b3 Rc6
28. Qf3 g6 29. Qxd5 exd5 30. Re3 Rfc8 31. g3 Kf7 32. Kf1 h5 33. Bd2 Rc2 34. Ke1
g5 35. Ke2 Rb2 36. Rd3 Be7 37. Ra1 Bf6 38. Kd1 Rbc2 39. Rc1 Rxc1+ 40. Bxc1 Re8
41. Be3 Kg6 42. f3 Rc8 43. Kd2 Rh8 44. Bf2 f4 45. gxf4 gxf4 46. Kd1 Rc8 47. Kd2
Kf5 48. Kd1 Rc7 49. Kd2 Rg7 50. Ke1 Rg2 51. Kf1 Rg8 52. Ke1 h4 53. h3 Rc8 54.
Kd2 Rc7 55. Kd1 Rc6 56. Kd2 1/2-1/2

[Event "Figueira da Foz op"]
[Site "Figueira da Foz POR"]
[Date "2014.11.24"]
[Round "3.4"]
[White "Spraggett, Kevin"]
[Black "Vasques, Antonio"]
[Result "1-0"]
[WhiteElo "2561"]
[BlackElo "2206"]
[PlyCount "79"]
[EventDate "2014.11.23"]
[EventType "swiss"]
[EventRounds "9"]
[EventCountry "POR"]
[Source "Chess Mix"]

1. e4 c5 2. Nf3 Nc6 3. d4 cxd4 4. Nxd4 e5 5. Nb5 d6 6. c4 Be7 7. N1c3 a6 8. Na3
f5 9. exf5 Bxf5 10. Bd3 Be6 11. Nc2 Nf6 12. O-O O-O 13. b3 Rc8 14. Bb2 Qa5 15.
Ne3 Nd4 16. Ne4 b5 17. Ng5 Bd7 18. Bxd4 exd4 19. Nf5 Bd8 20. cxb5 Rc5 21. Qb1
Bxb5 22. b4 Bxd3 23. Qxd3 Qxb4 24. Ne6 Rc3 25. Qxa6 Ra3 26. Qe2 d3 27. Qd1 Qa5
28. Nfd4 Bb6 29. Nb3 Qf5 30. Nxf8 Kxf8 31. Qc1 Ra7 32. Qc6 Nd5 33. Qxd6+ Kf7
34. g3 Re7 35. Nc5 Nc3 36. Nxd3 Ne2+ 37. Kg2 Bc7 38. Qa3 Qd5+ 39. f3 Re3 40.
Rad1 1-0

[Event "Figueira da Foz op"]
[Site "Figueira da Foz POR"]
[Date "2014.11.25"]
[Round "4.1"]
[White "Strebkovs, Andrejs"]
[Black "Spraggett, Kevin"]
[Result "1/2-1/2"]
[WhiteElo "2327"]
[BlackElo "2561"]
[PlyCount "48"]
[EventDate "2014.11.23"]
[EventType "swiss"]
[EventRounds "9"]
[EventCountry "POR"]
[Source "Chess Mix"]

1. Nf3 c5 2. c4 b6 3. g3 Bb7 4. Bg2 g6 5. Nc3 Bg7 6. b3 Nc6 7. O-O Bxc3 8. dxc3
Qc7 9. Ne1 d6 10. Nc2 h5 11. h4 Nf6 12. Bg5 Nh7 13. Bf4 O-O-O 14. b4 e5 15. Bd2
Ne7 16. e4 f5 17. Qe2 Nf6 18. f3 Rhf8 19. Bh6 Rf7 20. Ne3 Kb8 21. Nd5 Nexd5 22.
cxd5 cxb4 23. cxb4 Qc3 24. Bd2 Qa3 1/2-1/2

[Event "Figueira da Foz op"]
[Site "Figueira da Foz POR"]
[Date "2014.11.26"]
[Round "5.1"]
[White "Spraggett, Kevin"]
[Black "Petkov, Vladimir"]
[Result "1/2-1/2"]
[WhiteElo "2561"]
[BlackElo "2527"]
[PlyCount "99"]
[EventDate "2014.11.23"]
[EventType "swiss"]
[EventRounds "9"]
[EventCountry "POR"]
[Source "Chess Mix"]

1. Nf3 Nf6 2. c4 e6 3. Nc3 d5 4. d4 dxc4 5. e4 Bb4 6. Bg5 c5 7. e5 cxd4 8. Nxd4
Qa5 9. exf6 Bxc3+ 10. bxc3 Qxg5 11. fxg7 Qxg7 12. Qf3 O-O 13. Bxc4 Nd7 14. Be2
Ne5 15. Qe3 Ng6 16. g3 e5 17. Nb5 Bd7 18. Nd6 f5 19. O-O-O Be6 20. Kb2 Rfd8 21.
f4 Qc7 22. fxe5 Qa5 23. a3 Qxe5 24. Qxe5 Nxe5 25. Rhf1 Kg7 26. Nxf5+ Bxf5 27.
Rxf5 Nc4+ 28. Kc1 Rxd1+ 29. Bxd1 Nxa3 30. Bb3 b5 31. Kb2 Nc4+ 32. Bxc4 bxc4 33.
Rc5 Rf8 34. Rxc4 Rf2+ 35. Kb3 Rxh2 36. g4 Kg6 37. Re4 h5 38. gxh5+ Rxh5 39. c4
Kf6 40. Re8 a5 41. Kc3 Re5 42. Ra8 Ke6 43. Kd4 Rh5 44. Ra6+ Kd7 45. c5 a4 46.
Kc4 Rh1 47. Kb5 Rb1+ 48. Kc4 Rc1+ 49. Kd5 Rd1+ 50. Ke4 1/2-1/2

[Event "Figueira da Foz op"]
[Site "Figueira da Foz POR"]
[Date "2014.11.27"]
[Round "6.3"]
[White "Ferreira, Jorge Joao Viterbo"]
[Black "Spraggett, Kevin"]
[Result "1/2-1/2"]
[WhiteElo "2425"]
[BlackElo "2561"]
[PlyCount "40"]
[EventDate "2014.11.23"]
[EventType "swiss"]
[EventRounds "9"]
[EventCountry "POR"]
[Source "Chess Mix"]

1. d4 Nf6 2. c4 e6 3. Nf3 Bb4+ 4. Bd2 a5 5. g3 d6 6. Bg2 Nbd7 7. O-O e5 8. Nc3
c6 9. a3 Bxc3 10. Bxc3 e4 11. Nd2 d5 12. e3 O-O 13. a4 b6 14. cxd5 cxd5 15. b4
axb4 16. Bxb4 Re8 17. Qb3 Nf8 18. Bxf8 Kxf8 19. Rfc1 Bd7 20. Nb1 Re6 1/2-1/2

[Event "Figueira da Foz op"]
[Site "Figueira da Foz POR"]
[Date "2014.11.28"]
[Round "7.2"]
[White "Spraggett, Kevin"]
[Black "Padeiro, Jose"]
[Result "1/2-1/2"]
[WhiteElo "2561"]
[BlackElo "2306"]
[PlyCount "56"]
[EventDate "2014.11.23"]
[EventType "swiss"]
[EventRounds "9"]
[EventCountry "POR"]
[Source "Chess Mix"]

1. d4 d5 2. c4 c6 3. Nc3 Nf6 4. Nf3 a6 5. e3 b5 6. c5 g6 7. Ne5 Nfd7 8. f4 f6
9. Nd3 e5 10. Be2 e4 11. Nf2 f5 12. a3 Nf6 13. b4 a5 14. Bd2 a4 15. Qc2 Bd7 16.
O-O-O Na6 17. Rdg1 h5 18. h3 h4 19. g4 hxg3 20. Rxg3 Rh6 21. Rhg1 Kf7 22. Qd1
Be7 23. R1g2 Qh8 24. Qg1 Rg8 25. Rh2 Nc7 26. Bd1 Nh5 27. Rgg2 Ne6 28. Ne2 g5
1/2-1/2

[Event "Figueira da Foz op"]
[Site "Figueira da Foz POR"]
[Date "2014.11.29"]
[Round "8.3"]
[White "Lazarev, Vladimir"]
[Black "Spraggett, Kevin"]
[Result "1/2-1/2"]
[WhiteElo "2399"]
[BlackElo "2561"]
[PlyCount "98"]
[EventDate "2014.11.23"]
[EventType "swiss"]
[EventRounds "9"]
[EventCountry "POR"]
[Source "Chess Mix"]

1. d4 Nf6 2. c4 c5 3. d5 e6 4. Nc3 exd5 5. cxd5 d6 6. Nf3 g6 7. h3 Bg7 8. e4
O-O 9. Bd3 a6 10. a4 Nh5 11. O-O Re8 12. Bg5 Bf6 13. Be3 Nd7 14. Re1 b6 15. Qd2
Ne5 16. Be2 Nxf3+ 17. Bxf3 Ng7 18. Rab1 Ra7 19. b4 Rc7 20. Ne2 Bd7 21. bxc5
bxc5 22. Rb6 Bxa4 23. Rxa6 Bb5 24. Rb6 Bxe2 25. Qxe2 Be5 26. Qd2 Ra7 27. Rb5 f5
28. Reb1 Bf6 29. Qd3 Rae7 30. exf5 Nxf5 31. Bd2 Bd4 32. Bg4 Rf7 33. Rb7 Rxb7
34. Rxb7 Qh4 35. Qf3 Rf8 36. Bf4 h5 37. Bxf5 Rxf5 38. g3 Qf6 39. Qe4 Re5 40.
Rb8+ Kf7 41. Qb1 Re7 42. Rd8 Bxf2+ 43. Kxf2 Qd4+ 44. Kf3 Qxd5+ 45. Kf2 Qd4+ 46.
Kf3 Qd5+ 47. Kf2 Qd4+ 48. Kf3 Qc3+ 49. Kf2 Qd4+ 1/2-1/2

[Event "Figueira da Foz op"]
[Site "Figueira da Foz POR"]
[Date "2014.11.30"]
[Round "9.5"]
[White "Domingos, Ediberto"]
[Black "Spraggett, Kevin"]
[Result "1/2-1/2"]
[WhiteElo "2161"]
[BlackElo "2561"]
[PlyCount "92"]
[EventDate "2014.11.23"]
[EventType "swiss"]
[EventRounds "9"]
[EventCountry "POR"]
[Source "Chess Mix"]

1. d4 Nf6 2. Nf3 e6 3. e3 b6 4. Bd3 Bb7 5. O-O c5 6. a3 g6 7. dxc5 bxc5 8. b3
Bg7 9. Bb2 O-O 10. Nbd2 d6 11. c4 Nbd7 12. Qc2 Qc7 13. h3 Rab8 14. Bc3 e5 15.
e4 Nh5 16. Rfd1 Nf4 17. Nf1 Nf6 18. N3d2 N6h5 19. Ne3 Nxd3 20. Qxd3 Nf4 21. Qf1
Ba6 22. g3 Ne6 23. Nd5 Qd8 24. Qd3 f5 25. Rab1 Ng5 26. Kg2 Bc8 27. Rh1 fxe4 28.
Qe3 Bh6 29. g4 Be6 30. h4 Nf7 31. g5 Bxd5 32. cxd5 Bg7 33. Nxe4 Qd7 34. f3 h5
35. Rhc1 Nd8 36. Bd2 Qf7 37. Qd3 Qf5 38. Rc3 Nf7 39. Qc4 Rfc8 40. Rbc1 Rf8 41.
Qa6 Qd7 42. Qc4 Rb7 43. b4 cxb4 44. axb4 Rfb8 45. Ra3 Kh8 46. Ra6 Bf8 1/2-1/2

[Event "Catalonia-Tch"]
[Site "Catalonia ESP"]
[Date "2014.02.22"]
[Round "5.3"]
[White "Spraggett, Kevin"]
[Black "Movsziszian, Karen"]
[Result "1-0"]
[WhiteElo "2544"]
[BlackElo "2509"]
[PlyCount "47"]
[EventDate "2014.01.25"]
[EventType "team"]
[EventRounds "11"]
[EventCountry "ESP"]
[Source "Mark Crowther"]
[SourceDate "2014.03.10"]
[WhiteTeam "ESCOLA ESCACS DE BCN"]
[BlackTeam "SANT ANDREU"]

1. e4 g6 2. d4 Bg7 3. Nc3 d6 4. f4 Nc6 5. Bb5 a6 6. Bxc6+ bxc6 7. Nf3 Nf6 8.
O-O O-O 9. Kh1 Rb8 10. Qd3 Nd7 11. b3 c5 12. Be3 cxd4 13. Bxd4 e5 14. fxe5 Nxe5
15. Bxe5 dxe5 16. Qc4 c6 17. Rad1 Qb6 18. Rd6 Be6 19. Qd3 Rfe8 20. Na4 Qb4 21.
c3 Qb5 22. c4 Qb4 23. Ng5 Bxc4 24. Qxc4 1-0

[Event "Catalonia-Tch"]
[Site "Catalonia ESP"]
[Date "2014.03.22"]
[Round "9.1"]
[White "Alsina Leal, Daniel"]
[Black "Spraggett, Kevin"]
[Result "1/2-1/2"]
[WhiteElo "2553"]
[BlackElo "2544"]
[PlyCount "64"]
[EventDate "2014.01.25"]
[EventType "team"]
[EventRounds "11"]
[EventCountry "ESP"]
[Source "Mark Crowther"]
[SourceDate "2014.04.07"]
[WhiteTeam "BARCELONA UGA"]
[BlackTeam "ESCOLA ESCACS DE BCN"]

1. e4 c6 2. d4 d5 3. Nd2 dxe4 4. Nxe4 Nf6 5. Nxf6+ exf6 6. c3 Bd6 7. Bd3 O-O 8.
Ne2 Re8 9. O-O Nd7 10. Bf4 Nf8 11. Bxd6 Qxd6 12. Ng3 g6 13. Ne4 Qd8 14. Qf3 f5
15. Nd2 Be6 16. Bc4 Qg5 17. Rad1 h5 18. h3 Re7 19. d5 cxd5 20. Bxd5 Bxd5 21.
Qxd5 Rd7 22. Nf3 Rxd5 23. Nxg5 Rad8 24. Rxd5 Rxd5 25. Nf3 Ne6 26. Rc1 g5 27. c4
Rd3 28. c5 Rd5 29. b4 g4 30. Ne1 f4 31. Kf1 Kf8 32. Rc3 a5 1/2-1/2

[Event "ESP-Tch CECLUB Honor"]
[Site "Linares ESP"]
[Date "2013.09.14"]
[Round "7.1"]
[White "Dominguez Perez, Leinier"]
[Black "Spraggett, Kevin"]
[Result "1-0"]
[WhiteElo "2757"]
[BlackElo "2568"]
[PlyCount "50"]
[EventDate "2013.09.08"]
[EventType "team"]
[EventRounds "7"]
[EventCountry "ESP"]
[Source "Mark Crowther"]
[SourceDate "2013.09.16"]
[WhiteTeam "Sestao Naturgas Energia"]
[BlackTeam "Escola D'Escacs de Barcelona"]

1. e4 c5 2. Nf3 e6 3. d4 cxd4 4. Nxd4 a6 5. c4 Nf6 6. Nc3 d6 7. Be2 Be7 8. O-O
O-O 9. Be3 Nc6 10. Rc1 Bd7 11. a3 Rc8 12. f3 b6 13. b4 Rb8 14. Nb3 Bc8 15. Qd2
Bb7 16. Rfd1 Ba8 17. f4 Na7 18. e5 dxe5 19. fxe5 Qxd2 20. Rxd2 Ne4 21. Rd7 Nc8
22. Nxe4 Bxe4 23. c5 Bd5 24. cxb6 Nxb6 25. Rxe7 Bxb3 1-0

[Event "Catalan-Tch Div Hon"]
[Site "Catalonia ESP"]
[Date "2013.01.19"]
[Round "1.1"]
[White "Munoz Pantoja, Miguel"]
[Black "Spraggett, Kevin"]
[Result "1/2-1/2"]
[WhiteElo "2479"]
[BlackElo "2577"]
[PlyCount "73"]
[EventDate "2013.01.19"]
[EventType "team"]
[EventRounds "11"]
[EventCountry "ESP"]
[Source "Mark Crowther"]
[SourceDate "2013.02.11"]
[WhiteTeam "Cerdanyola Valles"]
[BlackTeam "Escola Escacs De BCN"]

1. e4 c5 2. Nf3 e6 3. c4 Nc6 4. Nc3 Nf6 5. d4 cxd4 6. Nxd4 d6 7. Be2 Be7 8. O-O
O-O 9. Be3 Bd7 10. Nc2 a6 11. Rc1 Rc8 12. b3 Ne5 13. Nd4 Nc6 14. Nc2 Qc7 15.
Qd2 b6 16. f3 Rb8 17. Nd4 Nxd4 18. Bxd4 Rfd8 19. Kh1 Be8 20. f4 Nd7 21. f5 Ne5
22. fxe6 fxe6 23. Qe3 Bf6 24. Qh3 Qe7 25. Rcd1 b5 26. cxb5 axb5 27. Bg4 Bd7 28.
Be2 Rf8 29. a4 bxa4 30. bxa4 Ra8 31. Bb5 Bxb5 32. axb5 Nc4 33. Ne2 Ra3 34. Qg4
Ne3 35. Bxe3 Rxe3 36. Ng1 Rb8 37. Qf4 1/2-1/2

[Event "Catalan-Tch Div Hon"]
[Site "Catalonia ESP"]
[Date "2013.02.23"]
[Round "6.1"]
[White "Spraggett, Kevin"]
[Black "Jerez Perez, Alfonso"]
[Result "1-0"]
[WhiteElo "2577"]
[BlackElo "2410"]
[PlyCount "93"]
[EventDate "2013.01.19"]
[EventType "team"]
[EventRounds "11"]
[EventCountry "ESP"]
[Source "Mark Crowther"]
[SourceDate "2013.03.12"]
[WhiteTeam "Escola Escacs De BCN"]
[BlackTeam "Foment"]

1. e4 c6 2. Nc3 d5 3. Nf3 Bg4 4. h3 Bh5 5. exd5 cxd5 6. Bb5+ Nc6 7. g4 Bg6 8.
Ne5 Rc8 9. d4 e6 10. h4 f6 11. Nxg6 hxg6 12. Qd3 f5 13. gxf5 gxf5 14. Qg3 Kf7
15. Bxc6 Rxc6 16. h5 Nf6 17. Qg6+ Kg8 18. h6 Qe8 19. Qg3 Qf7 20. Bd2 g6 21.
O-O-O Kh7 22. f3 Bd6 23. Qg5 Rhc8 24. Kb1 a6 25. Rc1 Bb4 26. Ne2 Bxd2 27. Qxd2
Nh5 28. c3 f4 29. Rcg1 Qf5+ 30. Ka1 b5 31. Rg4 b4 32. Rhg1 bxc3 33. bxc3 Rb8
34. Nxf4 Rcb6 35. Nd3 Nf6 36. Rf4 Qg5 37. Re1 Qxh6 38. Ne5 Kg7 39. Ng4 Nxg4 40.
fxg4 g5 41. Rff1 Qg6 42. Qh2 R8b7 43. Rh1 Kf7 44. Qh8 Ke7 45. Rh7+ Kd6 46. Qf8+
Kc6 47. Qc5# 1-0

[Event "Catalan-Tch Div Hon"]
[Site "Catalonia ESP"]
[Date "2013.03.09"]
[Round "8.1"]
[White "Spraggett, Kevin"]
[Black "Alsina Leal, Daniel"]
[Result "0-1"]
[WhiteElo "2577"]
[BlackElo "2511"]
[PlyCount "106"]
[EventDate "2013.01.19"]
[EventType "team"]
[EventRounds "11"]
[EventCountry "ESP"]
[Source "Mark Crowther"]
[SourceDate "2013.03.26"]
[WhiteTeam "Escola Escacs De BCN"]
[BlackTeam "Barcelona UGA"]

1. e4 c5 2. Nf3 d6 3. d4 cxd4 4. Nxd4 Nf6 5. Nc3 a6 6. h3 g6 7. g4 Bg7 8. Be3
O-O 9. Qd2 Nc6 10. O-O-O Bd7 11. Kb1 b5 12. g5 Nh5 13. Nxc6 Bxc6 14. Bg2 Rc8
15. Nd5 Bxd5 16. exd5 Rc4 17. Bf1 Rh4 18. Rg1 Qc8 19. f3 Ra4 20. Rg4 Qf5 21. b3
Rb8 22. Qd3 Qe5 23. Bd4 Rxd4 24. Qxd4 Qxd4 25. Rdxd4 Bxd4 26. Rxd4 Ng3 27. Bd3
Nf5 28. Rb4 Ne3 29. c4 Rf8 30. cxb5 Nxd5 31. Rd4 Nc3+ 32. Kb2 Nxb5 33. Bxb5
axb5 34. Rb4 Rb8 35. a4 Kf8 36. Ka3 Ke8 37. a5 Kd7 38. Rh4 d5 39. Kb4 e5 40.
Kc5 Ke6 41. a6 d4 42. Re4 Rc8+ 43. Kb6 Kd5 44. a7 d3 45. Kb7 Rd8 46. Re3 Kd4
47. Re4+ Kc3 48. Re3 Kc2 49. Rxe5 d2 50. Rc5+ Kb2 51. a8=Q Rxa8 52. Rd5 Kc2 53.
Rc5+ Kb1 0-1

[Event "Catalan-Tch Div Hon"]
[Site "Catalonia ESP"]
[Date "2013.03.16"]
[Round "9.1"]
[White "Alonso Garcia, Rene"]
[Black "Spraggett, Kevin"]
[Result "1/2-1/2"]
[WhiteElo "2367"]
[BlackElo "2577"]
[PlyCount "48"]
[EventDate "2013.01.19"]
[EventType "team"]
[EventRounds "11"]
[EventCountry "ESP"]
[Source "Mark Crowther"]
[SourceDate "2013.04.30"]
[WhiteTeam "Figueres"]
[BlackTeam "Escola Escacs De BCN"]

1. e4 c5 2. Nf3 e6 3. c3 Nf6 4. e5 Nd5 5. Bc4 d6 6. O-O Nc6 7. d4 cxd4 8. cxd4
Be7 9. Qe2 O-O 10. Nc3 Nxc3 11. bxc3 dxe5 12. dxe5 Qa5 13. Bd2 Rd8 14. Rfe1 Bd7
15. Rad1 Qc7 16. Bd3 Be8 17. h4 g6 18. Bg5 Rd5 19. Be4 Ra5 20. Bxe7 Qxe7 21.
Qd2 Rd8 22. Qf4 Rxa2 23. h5 b6 24. Nh2 g5 1/2-1/2

[Event "Catalan-Tch Div Hon"]
[Site "Catalonia ESP"]
[Date "2013.04.06"]
[Round "10.1"]
[White "Gonzalez Perez, Arian"]
[Black "Spraggett, Kevin"]
[Result "1/2-1/2"]
[WhiteElo "2474"]
[BlackElo "2577"]
[PlyCount "60"]
[EventDate "2013.01.19"]
[EventType "team"]
[EventRounds "11"]
[EventCountry "ESP"]
[Source "Mark Crowther"]
[SourceDate "2013.04.30"]
[WhiteTeam "Sant Andreu"]
[BlackTeam "Escola Escacs De BCN"]

1. d4 Nf6 2. c4 e6 3. Nc3 Bb4 4. e3 O-O 5. Nge2 d5 6. a3 Be7 7. Nf4 c6 8. Bd3
dxc4 9. Bxc4 Nbd7 10. Nd3 c5 11. dxc5 Nxc5 12. Nxc5 Qxd1+ 13. Kxd1 Bxc5 14. Ke2
b6 15. b4 Be7 16. Bb2 Bb7 17. f3 Rfc8 18. Bd3 Ne8 19. Rhc1 Bf6 20. Nd1 h6 21.
Rxc8 Rxc8 22. Rc1 Rxc1 23. Bxc1 Kf8 24. Bb2 Bxb2 25. Nxb2 Nd6 26. Nc4 Ke7 27.
Nxd6 Kxd6 28. e4 e5 29. Bc4 f6 30. Kd3 Bc8 1/2-1/2

[Event "Catalan-Tch Div Hon"]
[Site "Catalonia ESP"]
[Date "2013.04.13"]
[Round "11.1"]
[White "Spraggett, Kevin"]
[Black "Narciso Dublan, Marc"]
[Result "1/2-1/2"]
[WhiteElo "2577"]
[BlackElo "2549"]
[PlyCount "73"]
[EventDate "2013.01.19"]
[EventType "team"]
[EventRounds "11"]
[EventCountry "ESP"]
[Source "Mark Crowther"]
[SourceDate "2013.05.06"]
[WhiteTeam "Escola Escacs De BCN"]
[BlackTeam "Barbera"]

1. e4 e6 2. d4 d5 3. Nc3 Nf6 4. Bg5 Be7 5. e5 Ng8 6. Bxe7 Nxe7 7. Nf3 b6 8. Bd3
Ba6 9. Bxa6 Nxa6 10. Ne2 c5 11. c3 Nb8 12. Nf4 Nbc6 13. h4 h5 14. g3 Qd7 15.
O-O cxd4 16. cxd4 g6 17. Rc1 Rc8 18. Rc3 Kf8 19. Qe2 Kg7 20. Rfc1 Rc7 21. Kg2
Rhc8 22. Qb5 Qd8 23. a3 Kg8 24. Qa4 Qd7 25. Qc2 Qe8 26. Qd2 Qd7 27. Qc2 Qe8 28.
Kh1 a5 29. Qd3 Rb8 30. Rg1 Qf8 31. g4 Qh6 32. Qd2 hxg4 33. Rxg4 Nf5 34. Kg1
Rbc8 35. h5 Nce7 36. hxg6 fxg6 37. Nxg6 1/2-1/2

[Event "Sants op A"]
[Site "Barcelona ESP"]
[Date "2012.08.18"]
[Round "2.3"]
[White "Spraggett, Kevin"]
[Black "Neffe, Axel"]
[Result "1-0"]
[WhiteElo "2595"]
[BlackElo "2276"]
[PlyCount "61"]
[EventDate "2012.08.17"]
[EventType "swiss"]
[EventRounds "10"]
[EventCountry "ESP"]
[Source "Mark Crowther"]
[SourceDate "2012.08.20"]

1. c4 Nf6 2. g3 e6 3. Nf3 c5 4. d4 d5 5. cxd5 exd5 6. Bg2 Nc6 7. O-O Be7 8. Be3
c4 9. b3 cxb3 10. Qxb3 O-O 11. Ne5 Qb6 12. Rc1 Qa6 13. Nc3 Be6 14. Nxc6 bxc6
15. Qa4 Qxa4 16. Nxa4 Rfc8 17. Bf4 Ne4 18. f3 Nd6 19. Nc5 Nc4 20. h4 h6 21. h5
Bf6 22. e3 Bd8 23. Bf1 Bf5 24. g4 g5 25. hxg6 Bxg6 26. Bxc4 dxc4 27. Rxc4 h5
28. gxh5 Bxh5 29. Kf2 f6 30. Rh1 Bf7 31. Rcc1 1-0

[Event "Sants op A"]
[Site "Barcelona ESP"]
[Date "2012.08.19"]
[Round "3.3"]
[White "Rios Filho, Hilton Carlos"]
[Black "Spraggett, Kevin"]
[Result "0-1"]
[WhiteElo "2398"]
[BlackElo "2595"]
[PlyCount "104"]
[EventDate "2012.08.17"]
[EventType "swiss"]
[EventRounds "10"]
[EventCountry "ESP"]
[Source "Mark Crowther"]
[SourceDate "2012.08.20"]

1. d4 Nf6 2. c4 e6 3. Nc3 Bb4 4. e3 O-O 5. Nge2 d5 6. a3 Be7 7. Nf4 c6 8. cxd5
exd5 9. g3 a5 10. Bg2 Nbd7 11. O-O Nb6 12. b3 Re8 13. Ra2 Bd6 14. Nd3 Bf5 15.
f3 Bxd3 16. Qxd3 c5 17. Nb5 Bf8 18. Re2 a4 19. dxc5 Bxc5 20. b4 Be7 21. Bh3 Nc4
22. Qd4 Bf8 23. e4 Ne5 24. Bf4 Nc6 25. Qf2 dxe4 26. Rd2 Qe7 27. Re1 Ne5 28.
fxe4 Rad8 29. Nd4 g6 30. Bg2 Nh5 31. Qe2 Nxf4 32. gxf4 Bh6 33. Rf1 Nd7 34. Rdd1
Qh4 35. Qf3 Nf6 36. e5 Nh5 37. Ne2 Rxd1 38. Rxd1 Nxf4 39. Nxf4 Bxf4 40. h3 Rxe5
41. Rf1 Re1 42. Qxb7 Be3+ 43. Kh1 Rxf1+ 44. Bxf1 Qf6 45. Qa6 Qf3+ 46. Bg2 Qd1+
47. Qf1 Qb3 48. Qa1 Bb6 49. Qf6 Qe3 50. Qf1 Kg7 51. Qa1+ f6 52. Bf1 Qg1# 0-1